header

A.G. Stromberg (Record no. 126825)

MARC details
000 -LEADER
fixed length control field 01426nam a2200325 a 4500
245 00 - TITLE STATEMENT
Title A.G. Stromberg
260 ## - PUBLICATION, DISTRIBUTION, ETC. (IMPRINT)
Place of publication London :
Name of publisher Imperial College Press ;
Place of publication Hackensack, N.J. :
Name of publisher Distributed by World Scientific Pub. Co. Pte. Ltd.,
Year of publication c2011.
300 ## - PHYSICAL DESCRIPTION
Number of Pages xii, 363 p. :
Other physical details ill. (some col.), maps.
650 #0 - SUBJECT ADDED ENTRY--TOPICAL TERM
Topical Term Chemists
700 1# - ADDED ENTRY--PERSONAL NAME
Personal name Compton, R. G.
856 40 - ELECTRONIC LOCATION AND ACCESS
Uniform Resource Identifier http://site.ebrary.com/lib/rucke/Doc?id=10493517

No items available.

© 2026 Rongo University
Contact us: librarian | system librarian | Rongo university